[Slávnosť 100. výročia úmrtia Sama Chalupku v Krpáčove]

Zobrazenie: Konferencia o živote a diele Sama Chalupku konaná pri príležitosti 100. výročia jeho úmrtia v Krpáčove pri Banskej Bystrici, 19.-21.5.1983. Na obr.: zľava Ján Števček počas prejavu, Edmund Hleba.

Bibliographic Details
Other Authors: Lašut, Filip, 1945-2012 (Photographer)
Format: Photo
Language:Slovak
PhysicalDescription:1 fotografia čb 18 x 13 cm
Published: [S.l. s.n.] 1983
Subjects:

MARC

LEADER 00000nkmaa2200000 a 4500
001 vtls011719447
003 SK-MaSNL
005 20260331210957.0
007 kh bo
008 230802e1983 xo | ||00 k|slo
035 |a urn:nbn:sk:snk-km00ejwc 
035 |a urn:nbn:sk:snk-km45vma 
035 |a 5D737029-4BD4-4CA1-8E22-60CDF16E04E5 
040 |a SNKLA  |b slo  |c SNKLA  |e AACR2 
041 0 |a slo 
044 |a xo  |c SK 
100 1 |a Lašut, Filip,  |d 1945-2012  |4 pht  |9 151668 
245 1 0 |a [Slávnosť 100. výročia úmrtia Sama Chalupku v Krpáčove]  |h grafika 
260 |a [S.l.  |b s.n.]  |c 1983 
300 |a 1 fotografia  |b čb  |c 18 x 13 cm 
520 2 |a Zobrazenie: Konferencia o živote a diele Sama Chalupku konaná pri príležitosti 100. výročia jeho úmrtia v Krpáčove pri Banskej Bystrici, 19.-21.5.1983. Na obr.: zľava Ján Števček počas prejavu, Edmund Hleba. 
600 1 7 |a Chalupka, Samo,  |d 1812-1883  |2 SNKMA  |9 37007 
600 1 7 |a Števček, Ján,  |d 1929-1996  |2 SNKMA  |9 105256 
600 1 7 |a Hleba, Edmund,  |d 1926-2011  |2 SNKMA  |9 169917 
611 2 7 |a slávnosť 100. výročia úmrtia Sama Chalupku  |d 1983  |c Krpáčovo, Slovensko  |9 349869 
650 0 7 |a konferencie  |2 SNKPH  |9 19221 
651 7 |a Krpáčovo (Slovensko : rekreačné stredisko)  |2 SNKLA  |9 64116 
655 7 |a fotografie  |2 SNKPH  |9 70713 
852 7 |a Slovenská národná knižnica  |b Literárny archív 
958 |a ZO 
958 |a BLA 
999 |c 939331  |d 941261 
952 |a SNKLA  |b SNKLA  |c SNKLA_DEP  |y NEVYP  |7 0  |p 17A1226757  |o snkK 5/78  |i snkLA 2329/2004  |0 0  |1 0  |4 0  |d 2017-11-08  |f 1  |l 0  |r 2026-02-24 09:14:04  |w 2026-02-24